|
|
|
|
| LEADER |
00662cam a2200193 7i4500 |
| 001 |
0000009096 |
| 005 |
20210106090000.0 |
| 020 |
|
|
|a 0099428334
|
| 090 |
0 |
0 |
|a R733
|b .D56 2001
|
| 100 |
1 |
|
|a Diamond, John
|
| 245 |
1 |
0 |
|a Snake oil :
|b and other preoccupations
|c John Diamond ; introduction by Dominic Lawson ; foreword by Richard Dawkins.
|
| 260 |
|
|
|a New South Wales:
|b Vintage,
|c 2001.
|
| 300 |
|
|
|a 283 p.;
|c 20 cm.
|
| 650 |
0 |
0 |
|a Cancer patients writing
|
| 650 |
0 |
0 |
|a Alternative medicine --
|x Popular works
|
| 700 |
1 |
|
|a Dawkins, Richard
|
| 700 |
1 |
|
|a Lawson, Dominic
|
| 997 |
|
|
|a Health Sciences, Faculty
|
| 999 |
|
|
|a 0000006651
|b BOK
|c OPEN SHELF
|e 1st Floor, Shah Alam
|